000 00405nam a22001697a 4500
005 20160629122730.0
008 160629b xxu||||| |||| 00| 0 eng d
020 _a81-88458- 75-9
041 _aeng
082 _b12146
100 _aAnand, M.L
_93149
245 _aElectronics Instruments & Measurements
260 _bKatson
_c2012
300 _a298
650 _aDiploma Engineering
_9817
942 _cBK
999 _c4644
_d4642